Statistics for SOS - Rihanna - All Lyrics

Click here to take the quiz!

General Stats

  • This quiz has been taken 17 times
  • The average score is 438 of 612

Answer Stats

Answer% Correct
a
100%
baby?)
100%
help
100%
I
100%
me
100%
me)
100%
me,
100%
oh
100%
Oh,
100%
(Ooh)
100%
please,
100%
so
100%
(Somebody
100%
(Someone
100%
someone
100%
(Uh-huh),
100%
yeah)
100%
it,
94%
it
94%
it)
94%
not
94%
S-O-S,
94%
to
94%
And
88%
and
88%
are)
88%
are
88%
for
88%
I'm
88%
I’m
88%
My
88%
my
88%
This
88%
this
88%
(Y-O-U
88%
you,
88%
you
88%
You
88%
Y-O-U
88%
can't
81%
do,
81%
got
81%
Got
81%
healthy
81%
it's
81%
It’s
81%
It's
81%
makin'
81%
rescue
81%
‘Cause
75%
'Cause
75%
('Cause
75%
'cause
75%
feel
75%
hard
75%
losin'
75%
mind)
75%
mind,
75%
way
75%
at
69%
come
69%
don't
69%
of
69%
on,
69%
on
69%
the
69%
time,
69%
boy,
63%
Boy,
63%
in
63%
is
63%
night
63%
sleep
63%
your
63%
tossin'
56%
turnin',
56%
up
56%
when
56%
(Why
56%
you're
56%
goin'
50%
know
50%
la-la,
50%
la-la-la,
50%
La-la-la,
50%
la-la-la
50%
make
50%
one
50%
Take
50%
take
50%
what
50%
best
44%
(Best
44%
hold
44%
Love
44%
miss
44%
now
44%
over
44%
(Over
44%
tellin'
44%
thought
44%
But
38%
but
38%
close,
38%
close
38%
crazy
38%
dancer
38%
every
38%
lookin'
38%
never
38%
obsessive
38%
out
38%
rest
38%
right
38%
said,
38%
tiny
38%
answer
31%
callin'
31%
feelin'
31%
head
31%
issue
31%
Just
31%
just
31%
question
31%
see,
31%
see
31%
stressin',
31%
with
31%
aggressive,
25%
ain't
25%
beggin'
25%
comes
25%
course
25%
enough
25%
gone,
25%
heels
25%
heels)
25%
inside
25%
lost,
25%
moment
25%
myself,
25%
pressin'
25%
testin'
25%
control
19%
could
19%
find
19%
gets
19%
incessantly
19%
keep
19%
open
19%
seem
19%
shaken,
19%
true
19%
arms
13%
common
13%
die
13%
door,
13%
hangin'
13%
hot
13%
knots
13%
lock
13%
mistaken
13%
sanity
13%
sense
13%
still,
13%
tonight
13%
tummy's
13%
words
13%
Yes,
13%
guess
6%
lesson,
6%
love's
6%
melt
6%
presence
6%
second
6%
stole
6%
unfair,
6%
unspoken
6%
vanity
6%

Score Distribution

Percentile by Number Answered

Percent of People with Each Score

Your Score History

You have not taken this quiz